000 00708nam a2200265Ia 4500
003 OSt
005 20221006160957.0
006 a|||||r|||| 00| 0
007 ta
008 221006b |||||||| |||| 00| 0 eng d
020 _a0790834
024 _a47,020
037 _cTextual
040 _aEASL
_cEASL
_beng
041 _2eng
_aeng
082 _aO41, 3M81, 111L7; 1
100 _aHSUN Lu Au.
245 0 _aTrue story of Ah Q
260 _aChina
_bForeign languages Press China
_c1977
300 _a68p.
_ccm.
490 _v CEL
700 _a YANG Gladys Tr.
_966024
942 _hO41, 3M81, 111L7; 1
_cTEXL
_2CC
999 _c1115109
_d1115109